O pôvode a význame frazeologizmov Krst ohňom a mečom

Bibliographic Details
Main Author: Gajdošová, Silvia (Author)
Format: Article
Language:Slovak
Subjects:

MARC

LEADER 00000nab a2200000 ar4500
001 vtls010626806
003 SK-MaSNL
005 20260305002328.0
008 141008c2014 xo mr|p|||n |000 b|slo
015 |a SNBRB2014/10 
038 |a SPK 
040 |a SPKCL  |b slo  |c AACR2  |e AACR2 
041 0 |a slo 
044 |a xo  |c SK 
072 7 |a 81  |x Lingvistika. Jazyky  |2 konspekt 
080 |a 81`373.7  |2 2001 
100 1 |a Gajdošová, Silvia  |4 aut  |9 338488 
245 1 0 |a O pôvode a význame frazeologizmov  |b Krst ohňom a mečom  |c Silvia Gajdošová 
300 |b Fotogr. 
504 |a Bibliogr. odkazy 
650 0 7 |a lingvistika  |2 snkbucl  |9 860 
650 0 7 |a frazémy  |2 snkbucl  |9 186856 
650 0 7 |a oheň  |2 snkbucl  |9 27008 
740 0 2 |a Krst ohňom a mečom 
773 0 |t Pán učiteľ  |g Roč. 6, č. 2 (2014), s. [16]-17  |x 1336-7161 
852 |a SPK  |b KIS3GCP 
958 |a NB  |2 snkbucl 
999 |c 3225021  |d 3226951